[Event "Osijek-ch op"]
[Site "Osijek"]
[Date "2014.02.20"]
[Round "2"]
[White "Babic, Radoslav"]
[Black "Bokun, Josip"]
[Result "1-0"]
[WhiteElo "2195"]
[BlackElo "1835"]
[PlyCount "35"]
[EventDate "2014.02.20"]
[EventType "swiss"]
[EventRounds "7"]
[EventCountry "CRO"]
[SourceTitle "CBM 159 Extra"]
[Source "ChessBase"]
[SourceDate "2014.04.24"]
[SourceVersion "1"]
[SourceVersionDate "2014.04.24"]
[SourceQuality "1"]

1. d4 Nf6 2. Nf3 e6 3. g3 d5 4. Bg2 c5 5. 0-0 Nc6 6. c4 Be7 7. cxd5 Nxd5 8. Nc3 cxd4 9. Nxd4 Nxd4 10. Qxd4 Bf6 11. Qc4 Nxc3 12. bxc3 0-0 13. Ba3 Re8 14. Bb4 Be7 15. Rfd1 Qb6 16. Bxe7 Rxe7 17. Rab1 Qa5 18. Rb5 1-0

[Event "Osijek-ch op"]
[Site "Osijek"]
[Date "2012.02.24"]
[Round "4"]
[White "Bokun, Josip"]
[Black "Lovakovic, Franjo"]
[Result "1-0"]
[WhiteElo "1805"]
[BlackElo "1947"]
[PlyCount "83"]
[EventDate "2012.02.23"]
[EventType "swiss"]
[EventRounds "7"]
[EventCountry "CRO"]
[SourceTitle "EXT 2013"]
[Source "ChessBase"]
[SourceDate "2012.11.22"]
[SourceVersion "1"]
[SourceVersionDate "2012.11.22"]
[SourceQuality "1"]

1. d4 d5 2. c4 e6 3. Nc3 Nf6 4. Bg5 Be7 5. e3 Nbd7 6. Nf3 a6 7. Be2 0-0 8. 0-0 dxc4 9. Bxc4 b5 10. Be2 Bb7 11. a3 c5 12. dxc5 Nxc5 13. Nd4 Nfe4 14. Bxe7 Qxe7 15. Nxe4 Bxe4 16. Bf3 Bb7 17. Bxb7 Qxb7 18. Rc1 Rac8 19. b4 Nd7 20. Qh5 Nf6 21. Qe2 Nd5 22. Qb2 Nb6 23. Nb3 Na4 24. Qe5 h6 25. Nc5 Nxc5 26. Rxc5 Rc6 27. Rfc1 Rfc8 28. h3 Qb6 29. Kf1 Rxc5 30. Rxc5 Rxc5 31. bxc5 Qc6 32. Qb8+ Kh7 33. Qd6 Qe4 34. c6 a5 35. c7 Qc4+ 36. Kg1 b4 37. axb4 axb4 38. Qd8 Qc1+ 39. Kh2 b3 40. c8Q b2 41. Qd3+ f5 42. Qcc2 1-0

[Event "Osijek-ch op"]
[Site "Osijek"]
[Date "2011.02.24"]
[Round "1"]
[White "Bokun, Josip"]
[Black "Cajzler, Hinko"]
[Result "0-1"]
[WhiteElo "1828"]
[BlackElo "2213"]
[PlyCount "104"]
[EventDate "2011.02.24"]
[EventType "swiss"]
[EventRounds "7"]
[EventCountry "CRO"]
[SourceTitle "EXT 2012"]
[Source "ChessBase"]
[SourceDate "2011.11.24"]
[SourceVersion "1"]
[SourceVersionDate "2011.11.24"]
[SourceQuality "1"]

1. d4 Nf6 2. c4 c5 3. d5 e6 4. dxe6 fxe6 5. Nc3 d5 6. Bg5 d4 7. Bxf6 Qxf6 8. Ne4 Qg6 9. Qd3 Nc6 10. Ng3 Qh6 11. Nf3 Bd7 12. a3 Be7 13. e3 dxe3 14. Qxe3 Qxe3+ 15. fxe3 0-0-0 16. Ne4 h6 17. 0-0-0 Be8 18. Rxd8+ Kxd8 19. Be2 Kc7 20. Rd1 g5 21. g4 Rf8 22. Rf1 a6 23. Nfd2 Rxf1+ 24. Bxf1 Ne5 25. h3 Bc6 26. Kc2 b6 27. b3 Be8 28. Kc3 a5 29. a4 Bg6 30. Bd3 Bf8 31. Nf2 Bg7 32. Bxg6 Nxg4+ 33. Kc2 Nxf2 34. Bh5 Kd6 35. Bg4 Ke7 36. Nf1 Be5 37. Kd2 Ne4+ 38. Ke2 Nf6 39. Kf3 h5 40. Bxh5 Nxh5 41. Kg4 Nf6+ 42. Kxg5 Ne4+ 43. Kg6 Bf6 44. Kh5 Kf7 45. Nh2 Nd2 46. Ng4 Nxb3 47. Kh6 Bg7+ 48. Kh7 Nd2 49. h4 Nf3 50. e4 Nxh4 51. e5 Ng6 52. Ne3 Nf8# 0-1

[Event "Osijek op"]
[Site "Osijek"]
[Date "2010.01.30"]
[Round "7"]
[White "Petrovic, David"]
[Black "Bokun, Josip"]
[Result "1-0"]
[WhiteElo "1731"]
[BlackElo "1847"]
[PlyCount "92"]
[EventDate "2010.01.23"]
[EventType "swiss"]
[EventRounds "9"]
[EventCountry "CRO"]
[SourceTitle "CBM 134 Extra"]
[Source "ChessBase"]
[SourceDate "2010.03.03"]
[SourceVersion "1"]
[SourceVersionDate "2010.03.03"]
[SourceQuality "1"]

1. e4 c5 2. Nf3 Nc6 3. d4 cxd4 4. Nxd4 a6 5. Nc3 e6 6. Be2 Bb4 7. 0-0 d6 8. a3 Bc5 9. Nb3 Ba7 10. Bf4 e5 11. Bg3 Be6 12. Nd5 Nh6 13. Kh1 0-0 14. c3 f5 15. f3 f4 16. Bf2 Bxf2 17. Rxf2 Kh8 18. Bf1 g5 19. h3 Rg8 20. Be2 Rg6 21. Qd3 Nf7 22. Kg1 h5 23. Kf1 g4 24. fxg4 hxg4 25. hxg4 Rh6 26. Bf3 Qh4 27. Ke2 Bxg4 28. Nd2 Rg8 29. Raf1 Rg7 30. Nb4 Rgh7 31. Nxc6 bxc6 32. Qxa6 d5 33. Qd3 Bxf3+ 34. gxf3 Rd6 35. Rg2 Rg7 36. Rxg7 Kxg7 37. exd5 cxd5 38. Qf5 Rg6 39. Rf2 Qh6 40. b4 d4 41. cxd4 exd4 42. Ne4 Qh1 43. Qxf4 Qa1 44. Qd2 Ne5 45. Nc5 Nc4 46. Qc2 Rg1 1-0

[Event "Osijek op"]
[Site "Osijek"]
[Date "2008.12.11"]
[Round "4"]
[White "Bokun, Josip"]
[Black "Kroo, Ivica"]
[Result "0-1"]
[WhiteElo "1895"]
[BlackElo "1854"]
[PlyCount "95"]
[EventDate "2008.12.08"]
[EventType "swiss"]
[EventRounds "9"]
[EventCountry "CRO"]
[SourceTitle "CBM 128 Extra"]
[Source "ChessBase"]
[SourceDate "2009.03.05"]
[SourceVersion "2"]
[SourceVersionDate "2009.03.25"]
[SourceQuality "1"]

1. d4 Nf6 2. c4 e6 3. Nc3 Bb4 4. a3 Bxc3+ 5. bxc3 0-0 6. Bg5 d6 7. Nf3 Nbd7 8. h3 b6 9. e3 Bb7 10. Be2 h6 11. Bf4 Ne4 12. Qc2 Qe7 13. 0-0 g5 14. Bh2 f5 15. Nd2 Qg7 16. f3 Nxd2 17. Qxd2 Nf6 18. g4 fxg4 19. fxg4 Nd7 20. Rxf8+ Rxf8 21. Rf1 Rxf1+ 22. Bxf1 Qg6 23. d5 e5 24. Bd3 e4 25. Bc2 Ne5 26. Bg3 Ba6 27. Qe2 Qf7 28. Bd1 Qf6 29. Be1 Nd3 30. Bb3 Nc1 31. Qc2 Nd3 32. Qd1 Ne5 33. Qe2 Nd3 34. Bd2 Ne5 35. Kg2 Qf3+ 36. Qxf3 Nxf3 37. Bc1 Ne1+ 38. Kg3 Nd3 39. Bd2 Kf7 40. Kg2 Kf6 41. Kf1 Nb2 42. Bc2 Bxc4+ 43. Ke1 Nd3+ 44. Bxd3 exd3 45. Kf2 Bxd5 46. h4 Be4 47. c4 d5 48. Bc3+ 0-1

[Event "Osijek op"]
[Site "Osijek"]
[Date "2008.12.08"]
[Round "1"]
[White "Vernacki, Srdjan"]
[Black "Bokun, Josip"]
[Result "1-0"]
[WhiteElo "2326"]
[BlackElo "1895"]
[PlyCount "59"]
[EventDate "2008.12.08"]
[EventType "swiss"]
[EventRounds "9"]
[EventCountry "CRO"]
[SourceTitle "CBM 128 Extra"]
[Source "ChessBase"]
[SourceDate "2009.03.05"]
[SourceVersion "2"]
[SourceVersionDate "2009.03.25"]
[SourceQuality "1"]

1. e4 c5 2. Nf3 Nc6 3. d4 cxd4 4. Nxd4 e6 5. Nc3 a6 6. Be3 Bb4 7. a3 Bxc3+ 8. bxc3 Nf6 9. Bd3 Qa5 10. Bd2 Qc7 11. 0-0 Ne5 12. f4 Nxd3 13. cxd3 d6 14. f5 e5 15. Ne2 h6 16. Be1 b5 17. Bh4 Ng4 18. Qd2 h5 19. h3 Nh6 20. f6 g6 21. Bg5 Ng8 22. a4 Bd7 23. axb5 Bxb5 24. c4 Bd7 25. h4 Bg4 26. Nc3 Be6 27. Nd5 Bxd5 28. cxd5 Nxf6 29. Bxf6 0-0 30. Qh6 1-0

[Event "Osijek op 3rd"]
[Site "Osijek"]
[Date "2007.12.08"]
[Round "2.12"]
[White "Masirevic, Miroljub"]
[Black "Bokun, Josip"]
[Result "0-1"]
[WhiteElo "2028"]
[BlackElo "1810"]
[PlyCount "146"]
[EventDate "2007.12.08"]
[EventType "swiss"]
[EventRounds "9"]
[EventCountry "CRO"]
[SourceTitle "CBM 121 Extra"]
[Source "ChessBase"]
[SourceDate "2008.01.10"]
[SourceVersion "1"]
[SourceVersionDate "2008.01.10"]
[SourceQuality "1"]

1. e4 c5 2. Nf3 Nc6 3. d4 cxd4 4. Nxd4 e6 5. Nxc6 bxc6 6. Bd3 Nf6 7. 0-0 Be7 8. Be3 0-0 9. Nc3 d5 10. e5 Nd7 11. Bf4 Bb7 12. Qg4 g6 13. Rfe1 h5 14. Qe2 Bg5 15. Qd2 Bxf4 16. Qxf4 Kg7 17. Qg3 Rh8 18. h4 c5 19. Nb5 c4 20. Bf1 Bc6 21. Nd6 Nc5 22. Qf3 Rf8 23. Nxc4 Qxh4 24. Nd6 Nb7 25. g3 Qe7 26. Nxb7 Bxb7 27. Bd3 Qg5 28. Qe3 Qg4 29. Be2 Qh3 30. Bf1 Qg4 31. Rad1 Qa4 32. Qb3 Qc6 33. Bg2 Rfc8 34. c3 Ba6 35. Qc2 Rab8 36. Qd2 Rd8 37. b3 Rbc8 38. c4 Bb7 39. Qg5 Qc5 40. Qf6+ Kg8 41. Rd3 Rd7 42. Red1 Rcd8 43. cxd5 Bxd5 44. Qf4 Qc6 45. Bxd5 Rxd5 46. Rxd5 Rxd5 47. Rc1 Rc5 48. Rd1 Rd5 49. Rc1 Rc5 50. Rc4 a5 51. Qd4 Rxc4 52. Qxc4 Qd7 53. a4 Qd1+ 54. Kg2 Qd5+ 55. Qxd5 exd5 56. Kf3 f5 57. Ke3 Kf7 58. f4 Ke7 59. Kd4 Ke6 60. Kc5 g5 61. fxg5 Kxe5 62. g6 Kf6 63. g7 Kxg7 64. Kxd5 Kf6 65. b4 axb4 66. Kc4 f4 67. gxf4 h4 68. a5 h3 69. Kxb4 h2 70. a6 h1Q 71. Kb5 Qa8 72. Kb6 Kf5 73. a7 Kxf4 0-1